000 00747cam a2200229 4500
001 ABS62589
008 000000n2000 000 0 eng u
035 _a(Sirsi) u107619
100 _aBell, J.
245 _aSuper size that deal
260 _c2000
490 _aNational Real Estate Investor
_v42(7) June 2000, 50-56(5)
520 _aOverview of the commercial real estate market in the US which is thriving due to the strong economy.
590 _aABS
650 _aPROPERTY-COMMERCIAL PROPERTY-OFFICE PROPERTY-OFFICE PROPERTY MARKET
650 _aINDUSTRIAL MARKET
650 _aE-COMMERCE
650 _aUNITED STATES
650 _aREAL ESTATE
690 _aPROPERTY-COMMERCIAL PROPERTY-COMMERCIAL PROPERTY MARKET
942 _n0
999 _c64300
_d64300